000 00803nam a2200277 a 4500
001 40407
003 BD-RjUL
005 20211209053215.0
008 160430s1965 nyua b 001 0 eng
020 _a8129702681
035 _a(BD-RjUL) 40522
035 _a(BD-RjUL)
035 _a(NNC)2647603
040 _aDLC
_cDLC
_dUKM
_dZCU
_dBD-RjUL
_beng
041 _aeng
082 0 0 _a541.394
_bLAC 1965
_223
100 1 _aLaidler, Keith J.
_q(Keith James),
_d1916-2003.
_931615
245 0 0 _aChemical kinetics /
_cKeith J. Laidler.
250 _a3rd ed., Low Price Ed.
260 _aNew York :
_bMcGraw-Hill,
_cc1965.
300 _axi, 530 p. :
_bill. ;
_c23 cm.
504 _aBibliography: p. 542-547. and index.
650 0 _aChemical kinetics.
_970259
942 _2ddc
_cBK
999 _c40407
_d40407